000 00976nam a2200313Ia 4500
005 20220317001827.0
008 170410s2005 m o g 000 0 s
020 _a968592080X
041 _aspa
082 0 4 _a529.7
_bA95m
100 1 _aAymes, Carla
_d1973-
245 1 4 _aLas medidas del tiempo
_cCarla Aymes y Rebeca Kraselsky
250 _a1a. edición
300 _a39 páginas
_bfotografías en color
_c25 cm
490 _aLa otra escalera
500 _aIncluye datos biográficos de las autoras en solapa
650 1 4 _2LEMB
_aEspacio y tiempo
650 1 4 _2LEMB
_aHorología
650 1 4 _2LEMB
_aPercepción del tiempo
650 1 4 _2LEMB
_aRelojes
650 1 4 _2LEMB
_aTiempo
_vConceptualización
700 1 _aKraselsky, Rebeca
_977561
942 _2ddc
_cBK
264 _aMéxico
_bCastillo
_c2005
336 _atexto
_btxt
_2rdacontent
337 _asin mediación
_bn
_2rdamedia
338 _avolumen
_bnc
_2rdacarrier
040 _aCO-BoRNBP
_bspa
_erda
_cCO-BoRNBP
999 _c8224
_d8224